Optimalizácia toku technológie na výrobnej linke pre výrobu žiaroviek s cieľom zvýšiť jej efektivitu

Salvato in:
Dettagli Bibliografici
Autore principale: Kropáč, Miroslav (Autore)
Altri autori: Ivan, Jozef, 1968- (Relatore della tesi)
Natura: Manoscritto Libro
Lingua:slovacco
Pubblicazione: Bratislava : STU v Bratislave FEI, 2001
Soggetti:
Tags: Aggiungi Tag
Nessun Tag, puoi essere il primo ad aggiungerne!!

MARC

LEADER 00000ntm a22000003a 4500
001 stu73422
005 20160627111608.5
008 020129s2001------------------------slo-d
040 |a STU  |b slo 
041 0 |a slo 
100 1 |a Kropáč, Miroslav  |4 aut  |u E130  |U FEI Fakulta elektrotechniky a informatiky  |T FEI Katedra elektroenergetiky  |U E130  |Y 59 
245 1 |a Optimalizácia toku technológie na výrobnej linke pre výrobu žiaroviek s cieľom zvýšiť jej efektivitu 
260 |a Bratislava :  |b STU v Bratislave FEI,  |c 2001 
300 |a 60 s 
650 7 |a Elektroenergetické a silnoprúdové inžinierstvo  |2 stusub 
700 1 |a Ivan, Jozef,  |d 1968-  |4 ths  |u 033000  |r Z9  |U FEI Fakulta elektrotechniky a informatiky  |T FEI Ústav elektroniky a fotoniky  |X 56880  |U E030  |Y 549  |7 56880